000 00559nam a2200193Ia 4500
008 151119s9999||||xx |||||||||||||| ||und||
082 _a891.46308
082 _bGKKV32351
100 _aदिवाण वृंदा
245 _aचढउतार
260 _aकोल्हापूर
260 _bअभिनंदन प्रकाशन
260 _c2013
600 _aदिवाण वृंदा
630 _aचढउतार
700 _aदिवाण वृंदा
730 _aचढउतार
942 _cBOOK
999 _c1084655
_d1084652